Violencia juvenil en las escuelas

Uloženo v:
Podrobná bibliografie
Médium: Text
Tagy: Přidat tag
Žádné tagy, Buďte první, kdo vytvoří štítek k tomuto záznamu!

MARC

LEADER 00000 a a2200000 04500
001 6594
003
040
245 |a Violencia juvenil en las escuelas  
773 |g volumen 23, número 1008; páginas 8-10  
999 |c 39381  |d 39381